000 00241nam a2200109Ia 4500
005 20251222152633.0
008 251222s9999||||xx |||||||||||||| ||spa||
082 _a262.91/U61
100 _a UCSS
245 0 _aEx Code Ecclesiae:
942 _cLIB
999 _c27805
_d27805